000 00689cam a22002411 4500
001 sa 64006134
003 DLC
005 20260227112037.0
008 880505s1963 ii b 000 0 eng
010 _asa 64006134
025 _aPL480:I-E-3145
035 _a(OCoLC)17896232
040 _aDLC
_cWaU
_dDLC
042 _apremarc
050 0 0 _aHC165
_b.R22
100 1 _aRai, Lajpat.
245 1 0 _aLatin America;
_ba socio-economic study.
260 _aNew Delhi,
_bInstitute for Afro-Asian and World Affairs
_c[1963?]
300 _ax, 233 p.
_c23 cm.
504 _aBibliography: p. 225-233.
651 0 _aLatin America
_xEconomic conditions.
650 0 _aLand tenure
_zLatin America.
999 _c59534
_d59534